All Time Premier League Table - Statistics

General Stats
  • This quiz has been taken 80 times
    20 since last reset
  • The average score is 17 of 20
Answer Stats
Points Answer % Correct
2458 Arsenal
100%
2391 Liverpool
100%
1941 Manchester City
100%
2598 Manchester United
100%
2362 Chelsea
95%
1981 Tottenham Hotspur
95%
1607 Aston Villa
90%
1554 Everton
90%
1744 Newcastle United
90%
750 Crystal Palace
85%
661 Sunderland
85%
1422 West Ham
85%
837 Fulham
80%
853 Leeds United
80%
970 Blackburn Rovers
75%
846 Leicester City
75%
1100 Southampton
70%
494 Wolverhampton Wanderers
70%
575 Bolton Wanderers
55%
661 Middlesbrough FC
40%
No matching quizzes found
Score Distribution
Percent of People with Each Score
Percentile by Number Answered
Your Score History
You have not taken this quiz since the last reset